ՀՀ Գիտությունների ազգային ակադեմիայի հիմնարար գիտական գրադարան  =   Fundamental Scientific Library of NAS RA

Շրջապատի աղտոտվածության բժշկակենսաբանական հետևանքները / (Record no. 125837)

MARC details
000 -LEADER
fixed length control field 00732nam a2200181 u 4500
001 - CONTROL NUMBER
control field 000334518
003 - CONTROL NUMBER IDENTIFIER
control field AM-YeHGA
005 - DATE AND TIME OF LATEST TRANSACTION
control field 20250618072107.0
008 - FIXED-LENGTH DATA ELEMENTS--GENERAL INFORMATION
fixed length control field 040513s1981 ai r 000 0 arm d
040 ## - CATALOGING SOURCE
Original cataloging agency AM-YeHGA
041 0# - LANGUAGE CODE
Language code of text/sound track or separate title arm
090 ## - LOCALLY ASSIGNED LC-TYPE CALL NUMBER (OCLC); LOCAL CALL NUMBER (RLIN)
-- 127195
100 1# - MAIN ENTRY--PERSONAL NAME
Personal name Ենգիբարյան, Ազատ Ադիբեկի,
Dates associated with a name 1942-
9 (RLIN) 9527
245 10 - TITLE STATEMENT
Title Շրջապատի աղտոտվածության բժշկակենսաբանական հետևանքները /
Statement of responsibility, etc. Ա. Ա. Ենգիբարյան; ՀՍՍՀ Առողջապահության մին-թյան հանրապետ. սանլուստուն.
260 ## - PUBLICATION, DISTRIBUTION, ETC.
Place of publication, distribution, etc. Երևան :
Name of publisher, distributor, etc. Հայաստան,
Date of publication, distribution, etc. 1981.
300 ## - PHYSICAL DESCRIPTION
Extent 24 էջ.
653 0# - INDEX TERM--UNCONTROLLED
Uncontrolled term Շրջակա միջավայրի պահպանություն
Holdings
Withdrawn status Lost status Damaged status Not for loan Collection Home library Current library Date acquired Total checkouts Full call number Barcode Date last seen Price effective from Koha item type Public note
        General Fundamental Scientific Library Fundamental Scientific Library 22/12/2016   614.7 220066627 22/12/2016 22/12/2016 Գրքեր / Books 30 Days Loan


ՀՀ ԳԱԱ հիմնարար գիտական գրադարան
ՀՀ,Երևան 0019
Մարշալ Բաղրամյան 24/6
հեռախոս:(374-10) 52-47-50
Հետադարձ կապ

All site content, except where otherwise noted, is licensed under a
Creative Commons License